000 00685nam a2200193 a 4500
008 120214s2010 ||||||||||||||||| || u
020 _a9781856178617
050 _aTS 156.6 Tri
100 _aTricker, Ray
245 1 0 _aISO 9001: 2008 for small businesses. (4th ed.)
_cby Ray Tricker
250 _a4th ed.
260 _aOxford:
_bButterworth-Heinemann
_c2010
300 _axix, 458p.: ill
350 _a0.00
650 _aQUALITY CONTROL--MANAGEMENT
650 _aQUALITY ASSURANCE
650 _aISO 9001 STANDARD
995 _FCBU-MAIN LIBRARY (Kitwe)
_I0.00
_M1
_UAVAILABLE
_WJun 21, 2012
_ZMain Library Open Access Collection
999 _c48385
_d48385